| 000 | 00467nam a2200169 i 4500 | ||
|---|---|---|---|
| 001 | 21590 | ||
| 003 | ES-MaACL | ||
| 005 | 20230906152517.0 | ||
| 007 | t| | ||
| 008 | 021126s1846 sp |||| | spa d | ||
| 080 | _a821.134.2(082.2) | ||
| 245 | 0 | 0 | _aÁlbum literario español. |
| 260 |
_aMadrid : _b[s.n], _c1846 ( _fEst. Tip. de D.F. de P. Mellado) |
||
| 300 |
_a320 p. ; _c21 cm. |
||
| 650 | 0 | 4 |
_aLiteratura española- _yS.XIX. _9145943 |
| 852 |
_aES-MaACL _jE-13147 |
||
| 999 |
_c21590 _d21590 |
||